The universal history of numbers : (Record no. 984)

MARC details
000 -LEADER
fixed length control field 00403nam a2200145 a 4500
005 - DATE AND TIME OF LATEST TRANSACTION
control field 20260322212042.0
008 - FIXED-LENGTH DATA ELEMENTS--GENERAL INFORMATION
fixed length control field data
020 ## - INTERNATIONAL STANDARD BOOK NUMBER
International Standard Book Number 9780471375685
092 ## - LOCALLY ASSIGNED DEWEY CALL NUMBER (OCLC)
Classification number 513.2 I373 2000
001 - CONTROL NUMBER
control field data
100 1# - MAIN ENTRY--PERSONAL NAME
Personal name Ifrah, Georges
245 14 - TITLE STATEMENT
Title The universal history of numbers :
Remainder of title from prehistory to the invention of the computer
Statement of responsibility, etc. Georges Ifrah.
260 ## - PUBLICATION, DISTRIBUTION, ETC.
Place of publication, distribution, etc. New York
Name of publisher, distributor, etc. John Wiley
Date of publication, distribution, etc. 2000
650 #0 - SUBJECT ADDED ENTRY--TOPICAL TERM
Topical term or geographic name entry element Numeration
General subdivision History
Holdings
Withdrawn status Lost status Damaged status Not for loan Home library Current library Shelving location Date acquired Total checkouts Full call number Barcode Date last seen Price effective from Koha item type
        Centerville Centerville General stacks 22/03/2026   GEN BC0011017 22/03/2026 22/03/2026 Books